[Event "Défi"]
[Site "www.echecsemail.com"]
[Date "2026.02.05"]
[Round "1"]
[White "Vvvv"]
[Black "Artistepeintre"]
[WhiteElo "1680"]
[BlackElo "1570"]
[Result "1-0"]
1.e4 e5
2.Ng1f3 d6
3.Bf1c4 Qd8e7
4.c3 Ng8f6
5.Nf3g5 Bc8g4
6.Bc4xf7 Kd8
7.f3 Bg4h5
8.Ng5e6 Kd7
9.Ne6xf8 Rh8xf8
10.Bf7xh5 Nf6xh5
11.d4 exd4
12.Qd1a4 Kc8
13.Qa4xd4 Nb8c6
14.Qd4e3 Rf8f6
15.Qe3g5 g6
16.O-O Nc6e5
17.Nb1d2 Nh5f4
18.Rf1d1 Qe7g7
19.Nd2b3 h6
20.Qg5h4 g5
21.Qh4f2 Nf4d3
22.Qf2g3 b6
23.Nb3d4 Kb7
24.Nd4f5 Qg7h7
25.c4 Ra8g8
26.c5 dxc5
27.b4 c4
28.b5 h5
29.Bc1xg5 h4
30.Nf5xh4 Rg8xg5
31.Qg3xg5 Rf6f8
32.Rd1xd3 Ne5xd3
33.Nh4g6 Rf8b8
34.Qg5d5 Kc8
35.Qd5e6 Kb7
36.Ng6e7 Rb8d8
37.Ne7f5 Nd3c5
38.Qe6xc4 Qh7d7
39.Ra1c1 Qd7d2
40.h3 Kb8
41.Rc1c2 Qd2d1
42.Kh2 Qd1d7
43.h4 Rd8c8
44.Nf5d4 Qd7d6
45.g3 Qd6f6
46.Nd4c6 Kb7
47.Qc4d5 a5
48.Nc6xa5 Ka7
49.Na5c6 Ka8
50.Nc6e7 Kb8
51.Ne7xc8 Kxc8
52.Qd5a8 Kd7
53.Qa8c6 Qf6xc6
54.bxc6 Kxc6
55.h5 Kb7
56.Rc2xc5 bxc5
57.h6 c4
58.h7 c3
59.h8Q c2
60.Qh8c3 { abandon }1-0

[Event "Tournoi n27423"]
[Site "www.echecsemail.com"]
[Date "2026.02.05"]
[Round "1"]
[White "Vvvv"]
[Black "Blackrider"]
[WhiteElo "1710"]
[BlackElo "1730"]
[Result "0-1"]
1.e4 e6
2.Ng1f3 d6
3.d4 h6
4.g3 g6
5.Bf1g2 Bf8g7
6.Nb1d2 Ng8e7
7.O-O O-O
8.b3 f5
9.Bc1b2 c6
10.Ra1b1 Nb8d7
11.exf5 exf5
12.Rf1e1 Ne7d5
13.Nd2c4 Nd7f6
14.Nf3h4 b5
15.Nh4xg6 Rf8e8
16.Bg2xd5 cxd5
17.Re1xe8 Nf6xe8
18.Nc4xd6 Ne8xd6
19.Qd1e2 Nd6e4
20.Qe2xb5 Bc8e6
21.Qb5b4 a5
22.Qb4e7 Qd8xe7
23.Ng6xe7 Kf7
24.Ne7xd5 Be6xd5
25.c4 Bd5b7
26.Rb1d1 Ra8d8
27.f3 Ne4c5
28.Kf2 Nc5a6
29.a3 Rd8d7
30.Rd1d2 Na6c5
31.b4 axb4
32.d5 Bg7xb2
33.Rd2xb2 bxa3
34.Rb2a2 Nc5d3
35.Ke3 Nd3b4
{ abandon }0-1

[Event "Eq:Les enfants de l Atlantide-modesty :"]
[Site "www.echecsemail.com"]
[Date "2026.02.05"]
[Round "1"]
[White "Breitenbach"]
[Black "Ohtani"]
[WhiteElo "2250"]
[BlackElo "2009"]
[Result "1/2-1/2"]
1.e4 c5
2.Ng1f3 Nb8c6
3.d4 cxd4
4.Nf3xd4 Ng8f6
5.f3 d6
6.c4 Qd8b6
7.Nd4c2 g6
8.Nb1c3 Bf8g7
9.Bf1e2 O-O
10.Nc2e3 Nc6d4
11.Ra1b1 Nd4xe2
12.Qd1xe2 Bc8e6
13.O-O Ra8c8
14.Kh1 Nf6d7
15.Nc3d5 Be6xd5
16.Ne3xd5 Qb6d8
17.b3 e6
18.Nd5f4 Qd8c7
19.Bc1e3 b6
20.Rb1d1 Nd7c5
21.Nf4d3 Rf8d8
22.Be3c1 { nul }1/2-1/2

[Event "Défi"]
[Site "www.echecsemail.com"]
[Date "2026.02.05"]
[Round "1"]
[White "Katastrofic"]
[Black "Whisky"]
[WhiteElo "1370"]
[BlackElo "1330"]
[Result "1-0"]
1.e4 d5
2.Nb1c3 d4
3.Nc3b1 e5
4.d3 f6
5.h3 Bf8b4
6.Bc1d2 a5
7.a3 Bb4d6
8.Bf1e2 Nb8c6
9.Ng1f3 Ng8e7
10.O-O f5
11.exf5 Ne7xf5
12.c4 a4
13.Nf3h2 b6
14.Be2g4 g6
15.Bd2b4 Bd6xb4
16.axb4 Nc6xb4
17.Nh2f3 Nf5d6
18.Bg4xc8 Qd8xc8
19.Nf3xe5 Qc8e6
20.b3 O-O-O
21.Ne5f3 Rh8e8
22.Rf1e1 Qe6d7
23.Nb1a3 Re8xe1
24.Nf3xe1 Qd7f5
25.Qd1f3 Kd7
26.Qf3xf5 Nd6xf5
27.Ne1f3 Nb4xd3
28.Ra1d1 Nd3f4
29.Na3b5 Nf4e2
30.Kf1 Ne2c3
31.Nb5xc3 Kc8
32.Nc3d5 c6
33.Nd5xb6 Kb7
34.Nb6xa4 h6
35.g4 Nf5e7
36.Rd1xd4 Rd8xd4
37.Nf3xd4 Kc7
38.Na4c5 Kd6
39.Nc5d3 c5
40.Nd4f3 Ne7c6
41.Nf3h4 Nc6b4
42.Nd3xb4 cxb4
43.Nh4xg6 Kc6
44.Ng6e7 Kc5
45.Ne7f5 { abandon }1-0

[Event "Marmotte chess  3"]
[Site "www.echecsemail.com"]
[Date "2026.02.05"]
[Round "1"]
[White "Qsdmlk"]
[Black "Kaelstrum"]
[WhiteElo "1560"]
[BlackElo "1490"]
[Result "0-1"]
1.d4 Ng8f6
2.Ng1f3 d5
3.Bc1g5 Bc8f5
4.Nb1c3 e6
5.e3 Bf8e7
6.Nc3b5 Nb8c6
7.Bg5f4 Be7d6
8.c4 Bd6xf4
9.exf4 Bf5g4
10.Bf1e2 h6
11.Qd1d3 O-O
12.cxd5 Nf6xd5
13.O-O Bg4h5
14.Be2d1 Nd5xf4
15.Qd3e3 Nf4d5
16.Nf3e5 Bh5xd1
17.Qe3g3 Bd1h5
18.Ne5xc6 bxc6
19.Nb5a3 Nd5f6
20.Qg3f4 Bh5g6
21.Rf1d1 Nf6d5
22.Qf4g3 Qd8f6
23.Na3c4 Nd5b4
24.Qg3xc7 Rf8c8
25.Qc7a5 Nb4c2
26.Ra1c1 Nc2xd4
27.Rc1c3 Nd4e2
28.Kf1 Ne2xc3
29.bxc3 Rc8d8
30.Rd1e1 Bg6d3
31.Kg1 Bd3xc4
32.Qa5a3 a6
33.Re1e4 Rd8d1
{ abandon }0-1

[Event "Jean 8"]
[Site "www.echecsemail.com"]
[Date "2026.02.05"]
[Round "1"]
[White "Pgo"]
[Black "Intrigue"]
[WhiteElo "1760"]
[BlackElo "1720"]
[Result "1-0"]
1.e4 e6
2.Ng1f3 d5
3.e5 c5
4.Bf1b5 Bc8d7
5.Nb1c3 a6
6.Bb5xd7 Qd8xd7
7.d4 cxd4
8.Nf3xd4 Bf8c5
9.O-O Nb8c6
10.Nd4xc6 Qd7xc6
11.Bc1f4 Ng8e7
12.a3 Ne7g6
13.Bf4g3 O-O
14.h3 Ra8d8
15.Rf1e1 b5
16.h4 f5
17.exf6 Rf8xf6
18.Nc3e4 Rf6f8
19.Ne4g5 Rd8e8
20.c3 e5
21.Ng5f3 e4
22.Nf3d4 Bc5xd4
23.Qd1xd4 Qc6c4
24.Qd4xc4 bxc4
25.h5 Ng6f4
26.Bg3xf4 Rf8xf4
27.f3 exf3
28.Re1xe8 { abandon }1-0

[Event "Jean 8"]
[Site "www.echecsemail.com"]
[Date "2026.02.05"]
[Round "1"]
[White "Orosco"]
[Black "Intrigue"]
[WhiteElo "2220"]
[BlackElo "1720"]
[Result "1-0"]
1.e4 e5
2.Ng1f3 Nb8c6
3.Bf1b5 a6
4.Bb5a4 b5
5.Ba4b3 Nc6a5
6.O-O Na5xb3
7.axb3 d6
8.d4 exd4
9.Nf3xd4 Bc8b7
10.Nb1c3 Ng8f6
11.Qd1d3 Bf8e7
12.Nd4f5 O-O
13.Qd3g3 Nf6h5
14.Qg3g4 g6
15.Bc1h6 Rf8e8
16.Nf5xe7 Qd8xe7
17.f3 Qe7e6
18.Qg4g5 f6
19.Qg5d2 b4
20.Nc3e2 d5
21.Qd2xb4 Bb7c6
22.Ne2d4 Qe6d7
23.Ra1a5 Ra8b8
24.Qb4c5 Bc6b7
25.g4 Nh5g7
26.exd5 Rb8c8
27.c4 Qd7d6
28.Qc5xd6 cxd6
29.Bh6xg7 Kxg7
30.Nd4e6 Kf7
31.Rf1e1 g5
32.Kf2 Rc8b8
33.Ne6c7 Re8xe1
34.Kxe1 Bb7c8
35.Ra5a3 a5
36.Nc7b5 Rb8a8
37.Nb5xd6 Ke7
38.Nd6xc8 Ra8xc8
39.Ra3xa5 { abandon }1-0

[Event "BERNARD MAS"]
[Site "www.echecsemail.com"]
[Date "2026.02.05"]
[Round "1"]
[White "4x4"]
[Black "Intrigue"]
[WhiteElo "1490"]
[BlackElo "1720"]
[Result "0-1"]
1.d4 d5
2.Ng1f3 Nb8c6
3.e3 Ng8f6
4.Bf1d3 Bc8g4
5.Nb1c3 e6
6.Bc1d2 Bf8e7
7.Qd1e2 O-O
8.O-O-O a6
9.h3 Bg4xf3
10.gxf3 e5
11.dxe5 Nc6xe5
12.f4 Ne5xd3
13.Qe2xd3 Be7b4
14.a3 Bb4a5
15.b4 Ba5b6
16.Nc3a4 c6
17.Na4xb6 Qd8xb6
18.Bd2c3 Nf6e4
19.Kb2 a5
20.f3 Ne4f2
21.Bc3d4 Nf2xd3
22.Rd1xd3 Qb6b5
23.Rd3b3 axb4
24.Rb3xb4 Qb5a5
25.Kb3 Qa5xa3
0-1

[Event "2801"]
[Site "www.echecsemail.com"]
[Date "2026.02.05"]
[Round "1"]
[White "4x4"]
[Black "Katastrofic"]
[WhiteElo "1490"]
[BlackElo "1460"]
[Result "0-1"]
1.e4 c5
2.Bf1c4 e6
3.d3 Bf8e7
4.Nb1c3 a6
5.Ng1e2 b5
6.Bc4b3 b4
7.Nc3b1 d6
8.Bc1e3 Bc8b7
9.c4 a5
10.Bb3a4 Bb7c6
11.b3 Bc6xa4
12.bxa4 Ng8f6
13.Nb1d2 O-O
14.Nd2b3 Nb8c6
15.Qd1d2 e5
16.f4 exf4
17.Ne2xf4 h6
18.Nf4d5 Nf6xd5
19.exd5 Nc6d4
20.Nb3xd4 Be7f6
21.Nd4c6 Qd8c7
22.O-O-O Ra8e8
23.g4 Re8xe3
24.Rd1e1 Re3xe1
25.Rh1xe1 Bf6g5
26.Re1e3 Bg5xe3
27.Qd2xe3 Qc7d7
28.Nc6e7 Kh8
29.Ne7f5 Rf8e8
30.Qe3d2 Kh7
31.h4 g6
32.Nf5g3 Qd7xg4
33.Ng3e4 Qg4g1
34.Kc2 Re8d8
35.a3 b3
36.Kxb3 Rd8b8
37.Kc2 Qg1a1
38.Ne4c3 Rb8b2
0-1

[Event "Défi"]
[Site "www.echecsemail.com"]
[Date "2026.02.05"]
[Round "1"]
[White "Tian"]
[Black "Lancien57"]
[WhiteElo "1300"]
[BlackElo "1470"]
[Result "0-1"]
1.e3 e5
2.f4 exf4
3.exf4 Ng8f6
4.Qd1e2 Bf8e7
5.Qe2f3 Nb8c6
6.Bf1b5 d5
7.Bb5xc6 bxc6
8.Nb1c3 Bc8g4
9.Qf3g3 h6
10.h3 Bg4e6
11.d3 Nf6h5
12.Qg3e3 Be6f5
13.g4 Bf5g6
14.gxh5 Bg6f5
15.Ng1f3 Bf5d7
16.Qe3d4 O-O
17.Rh1g1 Be7f6
18.h4 Bf6xd4
19.Nf3xd4 f6
20.f5 Qd8e7
21.Kd1 Qe7e5
22.Nd4e2 Bd7xf5
23.Bc1f4 Qe5e7
24.Bf4xh6 Rf8f7
25.Rg1f1 Bf5g4
26.Rf1f2 gxh6
27.Ke1 d4
28.Nc3e4 Bg4xe2
29.Rf2xe2 Rf7g7
30.Kd2 Qe7f7
31.Ra1f1 f5
32.Re2f2 Qf7xh5
33.Rf2xf5 Qh5xh4
34.Ne4f6 Kh8
35.c3 Ra8f8
36.Rf5f4 Rg7g2
37.Kd1 Rf8xf6
38.Rf4xf6 Rg2xb2
39.Rf6f8 Kg7
40.Rf1f7 Kg6
41.cxd4 Rb2b1
42.Kc2 Qh4e1
43.Rf7f6 Kg5
44.Rf6f5 Kg4
45.Rf5f1 Qe1xf1
46.Rf8xf1 Rb1xf1
47.Kc3 h5
48.Kd2 h4
49.Ke2 Rf1a1
50.Ke3 Ra1xa2
51.d5 cxd5
52.Kd4 Ra2a5
53.Ke5 Ra5c5
54.d4 Rc5c4
55.Kxd5 Rc4c1
56.Ke6 h3
57.d5 h2
58.Kd7 h1Q
59.Ke6 Qh1e4
60.Kd7 Qe4xd5
61.Kc8 Qd5e6
62.Kb7 Qe6c6
63.Kc8 Qc6e6
64.Kb7 Qe6b6
65.Kc8 Qb6e6
66.Kb8 Qe6b6
67.Kc8 Kf5
68.Kd7 Rc1d1
69.Ke7 Qb6e6
70.Kf8 Rd1d8
71.Kg7 Qe6g6
0-1

[Event "Défi"]
[Site "www.echecsemail.com"]
[Date "2026.02.05"]
[Round "1"]
[White "Ketchuplover"]
[Black "Roger72"]
[WhiteElo "1660"]
[BlackElo "1320"]
[Result "1/2-1/2"]
1.Ng1f3 d5
2.e3 Bc8g4
3.h3 Bg4xf3
4.Qd1xf3 e5
5.c4 e4
6.Qf3e2 Ng8f6
7.g3 Bf8b4
8.a3 Bb4d6
9.Bf1g2 O-O
10.O-O Nb8d7
11.cxd5 Nd7b6
12.Nb1c3 Nb6d7
13.Nc3xe4 Nd7e5
14.Ne4xd6 Qd8xd6
15.d4 Ne5d7
16.b3 Rf8e8
17.Bc1d2 Nf6xd5
18.Bg2xd5 Qd6xd5
19.Qe2d1 { nul }1/2-1/2

[Event "Tournoi n27432"]
[Site "www.echecsemail.com"]
[Date "2026.02.05"]
[Round "1"]
[White "Desaintfegor"]
[Black "Geantvert"]
[WhiteElo "1800"]
[BlackElo "1860"]
[Result "0-1"]
1.d4 f5
2.c4 Ng8f6
3.Nb1c3 b6
4.Ng1f3 Bc8b7
5.e3 d6
6.g3 Nb8d7
7.Bf1g2 g6
8.O-O Bf8g7
9.Nf3g5 Bb7xg2
10.Ng5e6 Qd8c8
11.Ne6xg7 Kf7
12.Kxg2 Kxg7
13.f3 Rh8e8
14.h4 e5
15.Rf1h1 exd4
16.Qd1xd4 Re8e6
17.h5 Qc8b7
18.hxg6 hxg6
19.e4 fxe4
20.Bc1h6 Kf7
21.Rh1f1 exf3
22.Rf1xf3 Nd7e5
23.Ra1f1 Ne5xf3
24.Rf1xf3 c5
25.Qd4f4 Ra8e8
26.Bh6g5 Qb7e7
27.Qf4d2 Kg7
28.Nc3d5 Re6e2
29.Kg1 Re2xd2
30.Nd5xe7 Rd2d1
31.Kf2 Nf6e4
32.Ke2 Ne4xg5
33.Rf3e3 Rd1h1
34.Ne7f5 Kf8
35.Re3xe8 Kxe8
36.Nf5xd6 Kd7
37.Nd6b5 a6
38.Nb5c3 Rh1h2
39.Ke3 Rh2xb2
40.Nc3a4 Rb2b4
41.Na4c3 Rb4xc4
42.Kd3 Rc4d4
43.Kc2 Ng5e4
44.Nc3xe4 Rd4xe4
45.Kd3 Re4d4
46.Ke3 g5
47.Ke2 g4
48.Ke3 Ke6
49.Ke2 Kd5
{ abandon }0-1

[Event "Tournoi n27058"]
[Site "www.echecsemail.com"]
[Date "2026.02.05"]
[Round "1"]
[White "Selmoun"]
[Black "Daingni"]
[WhiteElo "1580"]
[BlackElo "1580"]
[Result "0-1"]
1.e4 e5
2.Qd1f3 d6
3.Bf1c4 Qd8f6
4.h3 Qf6xf3
5.gxf3 Nb8c6
6.c3 Bc8e6
7.b3 Be6xc4
8.bxc4 O-O-O
9.a4 g6
10.d4 exd4
11.h4 dxc3
12.Nb1xc3 Bf8g7
13.Bc1b2 Nc6b4
14.Ra1b1 Nb4d3
15.Ke2 Nd3xb2
16.Rb1xb2 Bg7xc3
17.Rb2c2 Bc3e5
18.Ng1h3 Ng8f6
19.Nh3g5 Rd8d7
20.Rh1d1 Nf6h5
21.a5 a6
22.c5 dxc5
23.Rc2xc5 Nh5f4
24.Ke1 Rd7xd1
25.Kxd1 Rh8d8
26.Kc2 f6
27.Ng5f7 Rd8e8
28.Nf7h6 Re8e6
29.Kb3 Nf4d3
30.Rc5c2 c6
31.Rc2d2 Re6d6
32.Rd2c2 Be5d4
33.Nh6g4 h5
34.Ng4h6 Bd4xf2
35.Nh6f7 Rd6d7
36.Kc3 Rd7xf7
37.Kxd3 Bf2xh4
38.Rc2g2 g5
39.Kd4 Rf7d7
40.Kc5 Kc7
41.Rg2e2 Bh4g3
42.Kc4 Bg3e5
43.Re2e1 h4
44.Kc5 h3
45.Kc4 h2
46.Re1f1 Rd7d2
47.Rf1b1 Rd2g2
48.Kc5 Rg2g1
{ abandon }0-1

[Event "Défi"]
[Site "www.echecsemail.com"]
[Date "2026.02.05"]
[Round "1"]
[White "Intrigue"]
[Black "Chevalice"]
[WhiteElo "1730"]
[BlackElo "1650"]
[Result "1-0"]
1.e4 e5
2.Ng1f3 Nb8c6
3.d4 exd4
4.Bf1c4 h6
5.c3 dxc3
6.Nb1xc3 Bf8b4
7.Bc1d2 Ng8f6
8.e5 Nf6g4
9.O-O Ng4xe5
10.Nf3xe5 Nc6xe5
11.Rf1e1 d6
12.a3 Bb4c5
13.Bd2f4 O-O
14.Bf4xe5 dxe5
15.Nc3e4 Bc5d4
16.Ra1b1 Kh8
17.b4 f5
18.Ne4g3 Qd8h4
19.Qd1c2 f4
20.Ng3e4 Bc8f5
21.Bc4d3 f3
22.Ne4g3 fxg2
23.Bd3xf5 g6
24.Re1e4 Qh4g5
25.Re4g4 Qg5f6
26.Rg4xg6 Qf6h4
27.Qc2d2 Qh4f4
28.Rg6xh6 Kg7
29.Rh6g6 Kf7
30.Qd2a2 Ke7
31.Qa2e6 Kd8
32.Qe6d7 1-0

[Event "Eq:fouschess-Les Rois du Succes :"]
[Site "www.echecsemail.com"]
[Date "2026.02.05"]
[Round "1"]
[White "Claudus"]
[Black "Luc20"]
[WhiteElo "1520"]
[BlackElo "1870"]
[Result "1-0"]
1.e4 e6
2.Ng1f3 Nb8c6
3.Bf1c4 Ng8f6
4.Nf3g5 h6
5.Ng5f3 Bf8c5
6.d4 Bc5b6
7.c3 O-O
8.O-O Nf6xe4
9.Qd1d3 d5
10.Bc4b3 Bc8d7
11.g3 Nc6a5
12.Nf3e5 Na5xb3
13.axb3 a6
14.Qd3f3 Bd7c8
15.Qf3g4 Qd8f6
16.f4 c5
17.dxc5 Bb6xc5
18.Kg2 Rf8d8
19.Qg4h5 Bc8d7
20.Nb1d2 Bd7e8
21.c4 Qf6e7
22.Nd2xe4 dxe4
23.Qh5e2 f6
24.Ne5g4 Be8c6
25.Kh3 Qe7f7
26.f5 Qf7h5
27.Kg2 exf5
28.Ng4xf6 gxf6
29.Qe2xh5 e3
30.Kh3 Kg7
31.Rf1xf5 Bc6d7
32.Qh5f3 Bd7xf5
33.Qf3xf5 Bc5a7
34.Qf5g4 Kf7
35.Qg4h5 Kg7
36.Qh5e2 Rd8e8
37.b4 Ra8d8
38.b5 Rd8d6
39.bxa6 bxa6
40.Qe2g4 Kh7
41.Qg4e2 Rd6d4
42.Bc1xe3 Rd4e4
43.Qe2d3 Ba7xe3
44.Qd3d7 Re8e7
45.Qd7f5 Kg7
46.Ra1xa6 Be3g5
47.Qf5f1 Re7c7
48.Kg2 Re4xc4
49.h4 Bg5c1
50.Qf1xf6 Kg8
51.Qf6g6 Kf8
52.Ra6f6 Ke7
53.Qg6f7 Kd8
54.Rf6d6 Kc8
55.Qf7e8 Kb7
56.Qe8b5 Kc8
57.Qb5a6 Kb8
58.Rd6d8 Rc7c8
59.Qa6xc4 Bc1xb2
60.Qc4xc8 Ka7
61.Qc8b8 { abandon }1-0

[Event "Eq:Les enfants de l Atlantide-Pirates du Mat :"]
[Site "www.echecsemail.com"]
[Date "2026.02.05"]
[Round "1"]
[White "Sp52"]
[Black "Capitaine"]
[WhiteElo "2450"]
[BlackElo "2390"]
[Result "1-0"]
1.e4 c5
2.Ng1f3 Nb8c6
3.c3 e5
4.Bf1c4 Ng8f6
5.Qd1c2 Bf8e7
6.a4 d5
7.exd5 Nf6xd5
8.O-O O-O
9.Rf1e1 Be7f6
10.h3 Nd5e7
11.d3 Bc8f5
12.Bc1e3 b6
13.Nb1d2 Qd8d7
14.Ra1d1 Ra8d8
15.Nd2e4 Ne7d5
16.Ne4xf6 Nd5xf6
17.Be3g5 Rf8e8
18.Bg5xf6 gxf6
19.Nf3h4 Kg7
20.Re1e3 Bf5g6
21.Qc2e2 Re8g8
22.Kh2 Qd7c8
23.Re3g3 Nc6e7
24.Rd1e1 Ne7d5
25.Qe2f3 Nd5f4
26.Rg3g4 Rg8e8
27.g3 Nf4e6
28.Nh4f5 Kf8
29.Nf5e3 Kg7
30.Ne3d5 Rd8xd5
31.Bc4xd5 Ne6g5
32.Qf3e3 h5
33.Rg4h4 Qc8d7
34.c4 Ng5e6
35.g4 Ne6f4
36.gxh5 Nf4xh5
37.Bd5f3 Nh5f4
38.Rh4xf4 { abandon }1-0

[Event "Eq:Royal Kids-au plaisir du jeux  :"]
[Site "www.echecsemail.com"]
[Date "2026.02.05"]
[Round "1"]
[White "Tartu"]
[Black "Estrafolis"]
[WhiteElo "1740"]
[BlackElo "1660"]
[Result "0-1"]
1.e4 c5
2.Ng1f3 a6
3.d4 cxd4
4.Nf3xd4 Nb8c6
5.Nb1c3 g6
6.Bc1e3 Bf8g7
7.Bf1c4 e6
8.O-O d5
9.exd5 exd5
10.Nd4xc6 bxc6
11.Bc4b3 Ng8e7
12.Be3d4 O-O
13.Bd4xg7 Kxg7
14.Rf1e1 Rf8e8
15.h3 Ne7f5
16.Re1xe8 Qd8xe8
17.Qd1e1 Bc8e6
18.Ra1d1 Qe8d7
19.Qe1e5 Kg8
20.Nc3a4 Qd7d6
21.Qe5xd6 Nf5xd6
22.Na4c5 Kf8
23.Bb3a4 Ke7
24.c3 Nd6c4
25.b3 Nc4b2
26.Rd1d4 Nb2xa4
27.Rd4xa4 Kd6
28.Nc5xa6 Be6c8
29.Na6b4 Ra8xa4
30.bxa4 c5
31.Nb4d3 Bc8a6
32.Nd3b2 c4
33.a3 Kc5
34.Kf1 d4
35.cxd4 Kxd4
36.Ke1 c3
37.Nb2d1 Kd3
38.f4 c2
39.Nd1b2 Kc3
{ abandon }0-1

[Event "BERNARD MAS"]
[Site "www.echecsemail.com"]
[Date "2026.02.05"]
[Round "1"]
[White "Intrigue"]
[Black "Woluwe1975"]
[WhiteElo "1720"]
[BlackElo "1660"]
[Result "0-1"]
1.f4 f5
2.b3 d6
3.Bc1b2 Nb8d7
4.Ng1f3 Ng8f6
5.d3 b6
6.Nb1c3 Bc8b7
7.e3 e6
8.Bf1e2 Qd8e7
9.O-O Nf6g4
10.Qd1d2 O-O-O
11.d4 d5
12.a4 Qe7f6
13.h3 h5
14.hxg4 hxg4
15.Nf3e5 Nd7xe5
16.fxe5 Qf6h4
17.Be2b5 g3
{ abandon }0-1

[Event "BERNARD MAS"]
[Site "www.echecsemail.com"]
[Date "2026.02.05"]
[Round "1"]
[White "Woluwe1975"]
[Black "Intrigue"]
[WhiteElo "1660"]
[BlackElo "1720"]
[Result "1-0"]
1.f4 d5
2.Ng1f3 Nb8c6
3.e3 Ng8f6
4.Bf1b5 Bc8d7
5.Bb5xc6 Bd7xc6
6.d4 e6
7.O-O Bf8d6
8.Nb1c3 O-O
9.Nf3g5 h6
10.Ng5f3 a6
11.h4 Rf8e8
12.Nf3e5 Bd6xe5
13.fxe5 Nf6e4
14.Nc3xe4 dxe4
15.Qd1h5 Re8f8
16.Bc1d2 a5
17.Rf1f4 g5
18.Rf4f6 { abandon }1-0

[Event "Marmotte chess  3"]
[Site "www.echecsemail.com"]
[Date "2026.02.05"]
[Round "1"]
[White "Qsdmlk"]
[Black "Marmotte"]
[WhiteElo "1560"]
[BlackElo "1500"]
[Result "0-1"]
1.d4 Ng8f6
2.Ng1f3 d6
3.e3 b6
4.Bf1c4 Bc8b7
5.O-O e6
6.Rf1e1 Bf8e7
7.Nb1c3 O-O
8.e4 Nb8d7
9.e5 dxe5
10.dxe5 Nf6d5
11.Qd1e2 Nd5xc3
12.bxc3 Qd8e8
13.Bc1b2 Ra8b8
14.a4 a5
15.Bc4b5 Qe8c8
16.Re1d1 Rf8d8
17.Qe2e3 Rb8a8
18.Nf3d4 c6
19.Bb5d3 Nd7c5
20.Qe3h3 Nc5xd3
21.cxd3 Qc8c7
22.Qh3g3 Be7f8
23.Bb2c1 g6
24.Bc1f4 Qc7d7
25.Bf4g5 Bf8e7
26.Nd4f3 c5
27.d4 Be7xg5
28.Nf3xg5 Qd7e7
29.Rd1d3 h6
30.Ng5f3 Bb7xf3
31.Rd3xf3 cxd4
32.Qg3h3 Kg7
33.Ra1c1 Qe7a3
34.Rc1f1 dxc3
35.Rf3xc3 Qa3xa4
36.Rc3b3 Qa4d4
37.Qh3g3 Ra8c8
38.Rb3f3 Rd8d5
39.Rf3e3 a4
40.h4 b5
41.f4 Rc8c3
42.Rf1e1 Qd4c5
43.h5 Rd5d3
44.Kf2 Rd3xe3
45.Re1xe3 b4
46.Ke2 Rc3xe3
47.Qg3xe3 Qc5xe3
48.Kxe3 b3
49.Kd2 a3
50.Kc1 gxh5
51.Kb1 Kg6
52.Kc1 Kf5
53.g3 Kg4
{ abandon }0-1

[Event "Tournoi n27420"]
[Site "www.echecsemail.com"]
[Date "2026.02.05"]
[Round "1"]
[White "Verson"]
[Black "Gognol"]
[WhiteElo "1830"]
[BlackElo "1900"]
[Result "1-0"]
1.d4 d5
2.Ng1f3 h6
3.e3 a6
4.Bf1d3 Ng8f6
5.Nb1d2 Nb8c6
6.c3 e6
7.O-O Bf8d6
8.e4 dxe4
9.Nd2xe4 Nf6xe4
10.Bd3xe4 Bc8d7
11.Bc1e3 Qd8f6
12.Be4c2 Nc6e7
13.Qd1d3 Ne7d5
14.a3 Nd5b6
15.c4 Nb6c8
16.c5 Bd6e7
17.Nf3e5 Bd7b5
18.Ne5c4 b6
19.b4 Nc8a7
20.a4 Bb5c6
21.cxb6 cxb6
22.Nc4xb6 Ra8b8
23.Qd3xa6 Rb8b7
24.b5 Bc6xb5
25.axb5 Rb7c7
26.Nb6a4 O-O
27.Na4c5 Na7c8
28.Qa6a2 Be7d6
29.Qa2c4 Nc8b6
30.Qc4d3 Nb6d5
31.Qd3h7 1-0

[Event "Tournoi n27385"]
[Site "www.echecsemail.com"]
[Date "2026.02.05"]
[Round "1"]
[White "Jlr"]
[Black "Titit1"]
[WhiteElo "1380"]
[BlackElo "1460"]
[Result "0-1"]
1.e4 Ng8f6
2.Nb1c3 e5
3.d3 Nb8c6
4.a3 d5
5.Bc1g5 Bf8e7
6.exd5 Nf6xd5
7.Bg5xe7 Qd8xe7
8.Nc3xd5 Qe7d6
9.c4 Nc6d4
10.Qd1a4 Bc8d7
11.Qa4d1 O-O-O
12.h3 Rd8e8
13.b4 e4
14.Nd5e3 f5
15.c5 Qd6e6
16.f3 exf3
17.gxf3 Qe6g6
18.f4 Re8xe3
19.Ng1e2 Qg6g3
20.Kd2 Qg3f2
21.Kc3 Nd4b5
22.Kb3 Rh8e8
23.a4 Nb5d4
24.Ne2xd4 Bd7e6
25.Nd4xe6 Re8xe6
26.Kc4 Re3e1
27.Qd1h5 Re1xa1
28.Qh5xf5 Ra1e1
29.Qf5f8 Kd7
30.Qf8xg7 Re6e7
31.Qg7g4 Kd8
32.Qg4g8 Re7e8
33.Qg8d5 Kc8
34.Qd5f5 Kb8
35.Qf5xh7 Re1xf1
36.Rh1xf1 Qf2xf1
37.Qh7d7 Qf1xf4
38.d4 Re8c8
39.a5 Qf4c1
40.Kd5 Qc1h1
41.Kc4 Qh1c1
42.Kd5 Qc1c3
43.h4 Qc3xb4
44.h5 Qb4xa5
45.Ke6 Qa5a2
46.d5 Qa2e2
47.Kf6 Qe2xh5
48.Qd7e6 a6
49.c6 b6
50.d6 Qh5h6
51.Ke7 Qh6f8
52.Kd7 Qf8d8
0-1

[Event "Défi( 10J+24H/c 10J Max )"]
[Site "www.echecsemail.com"]
[Date "2026.02.05"]
[Round "1"]
[White "Chevalice"]
[Black "Titit1"]
[WhiteElo "1670"]
[BlackElo "1450"]
[Result "1-0"]
1.e4 Ng8f6
2.e5 Nf6d5
3.c4 Nd5b6
4.d4 Nb8c6
5.Ng1f3 e6
6.d5 Nc6b4
7.a3 Nb4a6
8.d6 c6
9.b3 Na6c5
10.Nb1c3 h6
11.Bf1e2 g5
12.Nf3d2 Bf8g7
13.f4 O-O
14.b4 Nc5a6
15.O-O c5
16.b5 Na6b8
17.Nd2e4 a6
18.Ne4xc5 axb5
19.Nc3xb5 Nb8c6
20.Rf1e1 f6
21.exf6 Bg7xf6
22.Ra1a2 gxf4
23.Bc1xf4 e5
24.Bf4xh6 Rf8f7
25.Be2h5 Rf7h7
26.Qd1g4 Bf6g7
27.Bh6g5 Nc6e7
28.dxe7 Qd8e8
29.Bh5xe8 d6
30.Nc5e6 Ra8a4
31.Re1f1 Ra4xc4
32.Be8f7 Kh8
33.e8Q Bg7f8
34.Qe8xf8 1-0

[Event "Tournoi n27322"]
[Site "www.echecsemail.com"]
[Date "2026.02.05"]
[Round "1"]
[White "Kichmat"]
[Black "Boudon"]
[WhiteElo "2010"]
[BlackElo "2220"]
[Result "0-1"]
1.e4 c5
2.Ng1f3 Nb8c6
3.Bf1e2 Ng8f6
4.Nb1c3 d5
5.exd5 Nf6xd5
6.Nc3xd5 Qd8xd5
7.O-O g6
8.b3 Bf8g7
9.Be2c4 Qd5d6
10.c3 O-O
11.Bc1b2 a6
12.d4 cxd4
13.Nf3xd4 Nc6xd4
14.cxd4 Rf8d8
15.Qd1f3 Qd6f6
16.Qf3e2 b5
17.Bc4d3 Bc8b7
18.Rf1e1 e6
19.Ra1b1 Qf6h4
20.Bd3e4 Bb7d5
21.Be4xd5 Rd8xd5
22.Qe2f3 Ra8d8
23.Rb1d1 Bg7xd4
24.Bb2xd4 Rd5xd4
25.Rd1xd4 Qh4xd4
26.h3 Qd4d2
27.Re1e2 Qd2d1
28.Kh2 h5
29.h4 Rd8d3
30.Qf3e4 Rd3d4
31.Re2e1 Rd4xe4
32.Re1xd1 Re4e2
33.Kg3 Re2xa2
34.b4 Kg7
35.Rd1d3 Kf6
36.Rd3f3 Ke7
37.Rf3d3 e5
38.Rd3c3 Ke6
39.Kf3 Kd5
40.Ke3 f5
41.Rc3c5 Kd6
42.g3 Ra2a3
43.Ke2 Ra3b3
44.Rc5c8 Rb3xb4
45.Rc8g8 Rb4g4
46.Rg8a8 Kc5
47.Ra8xa6 b4
48.Kd3 e4
49.Ke3 f4
50.gxf4 b3
51.Ra6a1 Kb4
52.Ra1a8 Rg4xh4
53.Ra8b8 Kc3
54.Rb8c8 Kb2
55.Kxe4 g5
56.Kf5 Rh4xf4
57.Kxg5 Rf4xf2
58.Kxh5 Rf2f5
59.Kg4 Rf5b5
60.Kf3 Ka3
61.Rc8a8 Kb4
{ abandon }0-1

[Event "Défi( 10J+36H/c 30J Max )"]
[Site "www.echecsemail.com"]
[Date "2026.02.05"]
[Round "1"]
[White "Lilou"]
[Black "Lysandre"]
[WhiteElo "1320"]
[BlackElo "1499"]
[Result "1-0"]
1.e4 e5
2.f3 a6
3.Ng1e2 Bf8c5
4.a3 d6
5.Ne2c3 Ng8f6
6.b4 Nb8c6
7.b5 Nc6d4
8.a4 a5
9.g4 b6
10.d3 d5
11.h4 Bc5b4
12.g5 Nf6h5
13.Rh1g1 Nd4e6
14.exd5 Qd8xd5
15.Bc1d2 Qd5d4
16.Rg1g4 g6
17.Rg4xd4 Ne6xd4
18.Nc3d5 Bb4d6
19.Nb1c3 h6
20.gxh6 Rh8xh6
21.Bd2xh6 Bc8f5
22.Nc3e4 Kd7
23.Ne4f6 Ke6
24.c3 Nh5xf6
25.Nd5xf6 Nd4xf3
26.Qd1xf3 Kxf6
27.Bh6g5 Ke6
28.Qf3xa8 f6
29.Qa8e8 Bd6e7
30.Bg5h6 Kd6
31.Ra1d1 Bf5d7
32.Qe8g8 Bd7f5
33.d4 e4
34.Bh6f4 Kd7
35.Qg8d5 Kc8
36.Qd5c6 Be7d8
37.d5 Bf5d7
38.Qc6a8 1-0

[Event "Tournoi n27423"]
[Site "www.echecsemail.com"]
[Date "2026.02.05"]
[Round "1"]
[White "Vvvv"]
[Black "Verson"]
[WhiteElo "1710"]
[BlackElo "1810"]
[Result "0-1"]
1.e4 e6
2.Nb1c3 d5
3.exd5 exd5
4.d4 Ng8f6
5.Bc1g5 Bf8e7
6.Bg5xf6 Be7xf6
7.Nc3e2 O-O
8.Qd1d3 Rf8e8
9.O-O-O Bc8e6
10.Ne2c3 a6
11.Qd3g3 b5
12.Ng1e2 Nb8d7
13.Ne2f4 c6
14.Kb1 a5
15.Nf4h5 g6
16.Nh5xf6 Nd7xf6
17.Bf1xb5 cxb5
18.Nc3xb5 Ra8b8
19.Nb5d6 Qd8b6
20.b3 Re8d8
21.Nd6xf7 Be6xf7
22.Rd1d3 a4
23.Kb2 Rd8e8
24.Qg3f3 Rb8a8
25.a3 axb3
26.c3 Qb6a5
27.Rh1a1 Qa5b5
{ abandon }0-1

[Event "2801"]
[Site "www.echecsemail.com"]
[Date "2026.02.05"]
[Round "1"]
[White "4x4"]
[Black "Titit1"]
[WhiteElo "1490"]
[BlackElo "1440"]
[Result "0-1"]
1.Nb1c3 Nb8c6
2.e4 e5
3.d3 Bf8c5
4.Bc1e3 Bc5d6
5.Ng1f3 f6
6.Qd1d2 Ng8e7
7.O-O-O O-O
8.Nc3d5 Ne7xd5
9.exd5 Nc6e7
10.c4 b6
11.Bf1e2 Bc8b7
12.Nf3e1 c6
13.dxc6 Bb7xc6
14.Ne1c2 Ne7f5
15.Be2g4 Nf5e7
16.f4 e4
17.d4 Bc6b7
18.a3 Bd6c7
19.b4 Ne7g6
20.g3 Qd8e7
21.d5 Bc7d6
22.f5 Ng6e5
23.h3 Ne5xc4
24.Qd2e2 Nc4e5
25.Kb2 Rf8c8
26.Nc2d4 Ne5c4
27.Kb3 Bb7xd5
28.Ka2 Nc4xe3
29.Ka1 Ne3c4
30.Qe2f2 Nc4xa3
31.Rd1c1 Rc8c4
32.Rc1xc4 Na3xc4
33.Nd4b5 Bd6xb4
34.Nb5c7 Ra8c8
35.Nc7xd5 Qe7d6
36.Rh1d1 Bb4c3
37.Ka2 Qd6a3
38.Kb1 Qa3a1
39.Kc2 Qa1b2
0-1

[Event "2801"]
[Site "www.echecsemail.com"]
[Date "2026.02.05"]
[Round "1"]
[White "Titit1"]
[Black "4x4"]
[WhiteElo "1440"]
[BlackElo "1490"]
[Result "0-1"]
1.d4 d5
2.Ng1f3 e6
3.Bc1f4 Bf8d6
4.Bf4e3 Qd8e7
5.a3 Nb8c6
6.Qd1d2 Bc8d7
7.c3 O-O-O
8.g3 Ng8f6
9.Bf1g2 Nf6e4
10.Qd2d1 f5
11.O-O g6
12.Nf3d2 b6
13.Nd2xe4 fxe4
14.Bg2h3 Rd8f8
15.Be3h6 Rf8f7
16.Qd1d2 e5
17.Bh6g5 Qe7e8
18.Bh3xd7 Qe8xd7
19.Qd2e3 Nc6e7
20.Nb1d2 Ne7f5
21.g4 Nf5xe3
22.Bg5xe3 Qd7xg4
23.Kh1 h5
24.Rf1e1 h4
25.Nd2f1 h3
26.Nf1g3 Bd6e7
27.Ra1d1 Be7h4
28.Re1g1 Bh4xg3
29.Rg1xg3 Qg4xe2
30.Rd1g1 Rf7g7
31.Rg3xg6 Rg7xg6
32.Rg1xg6 Qe2xb2
33.Rg6g1 Qb2xc3
34.dxe5 Qc3xe5
35.a4 Qe5f5
36.Rg1g7 Qf5f3
37.Kg1 Rh8h4
38.Rg7g8 Kb7
39.Rg8g7 Rh4g4
40.Rg7xg4 Qf3xg4
41.Kf1 Qg4d1
0-1